000 00690nam a22002177a 4500
003 OSt
005 20260630093958.0
008 260630b |||||||| |||| 00| 0 eng d
020 _a0-325-01950-9
040 _cChuka University
050 _aLB 1576
_b. F68 2009
100 _aFountas C. Irene
_927845
245 _aLeveled literacy intervention
_bprogram guide
260 _aPortsmouth
_bHeinemann
_c2009
300 _a276p.
_bColored illustrations
650 _aReading [ nelementary] -- study and teaching
_931894
650 _aLanguage arts [ elementary]
650 _aLiteracy intervention program
_931895
650 _aStruggling readers --- education
_931896
942 _2lcc
_cSL
_n0
999 _c25545
_d25545